000 00628nam a2200241Ia 4500
003 OSt
005 20220918214712.0
006 a|||||r|||| 00| 0
007 ta
008 220917b |||||||| |||| 00| 0 eng d
024 _a138,699
037 _cTextual
040 _aARTS
_cARTS
_beng
041 _2eng
_aeng
082 _aY:434:6.73, K9
100 _aRiessman Frank
_9132319
245 0 _aStrategies against poverty
260 _aNew York
_bRandom House
_c1969
300 _ax, 114p.
_ccm.
650 _aSOCIOLOGY
942 _hY:434:6.73, K9
_cTEXL
_2CC
999 _c261750
_d261750